Регионална библиотека "Любен Каравелов" - Русе

Съединени европейски щати (Запис номер 51291)

MARC детайли
000 -Лидер
Контролно поле с фиксирана дължина 02141nam a2200421 c 4500
003 - Код на организацията, давaща контролен номер
Контролно поле BLK
005 - Дата и час на последна редакция
Контролно поле 20180422101546.0
008 - Елементи от данни с фиксирана дължина
fixed length control field 180408b bul|||||r ||||||| ||bul||
010 ## - Наследен системен номер
LC control number KNG00055193000
020 ## - Международен стандартен номер на книга ISBN
Международен стандартен номер на книга ISBN 954-649-812-2
-- издат.: Сиела Софт енд Паблишинг
040 ## - Източник на каталожния запис
Идентификатор на билиотеката - собственик на записа BLK
041 ## - Код за език
Код за езика на текст/звукозапис или на отделно заглавие Български
Код за езика КДБФ Български
080 ## - УДК
Текстов определител УДК Дейност на международни и междудържавни организации
УДК код - определител по УДК 327.7
УДК определител :061.1ЕС
УДК - код + определител 327.7:061.1ЕС
080 ## - УДК
Текстов определител УДК Икономически съюзи. Икономически общности. Икономически блокове
УДК код - определител по УДК 339.923
УДК определител :061.1ЕС
УДК - код + определител 339.923:061.1ЕС
080 ## - УДК
Текстов определител УДК Международни политически отношения. Световна политика. Международна политика. Дипломация
УДК код - определител по УДК 327
УДК определител (73)
УДК - код + определител 327(73)
100 1# - Редна дума - Автор
Автор Рийд, Т. Р.
Авторска отговорност първи автор
R(LIN) 283721
139 ## - Редно поле
Редна дума Рийд, Т. Р.
Авторски знак Риз - Р 60
245 10 - Сведения за заглавието
Заглавие Съединени европейски щати
Подзаглавни данни Новата суперсила или краят на амер. господство
Редно поле (дума) Т. Р. Рийд; прев. от англ. Елисавета Маринкева; прев. от англ. Георги Иванов.
257 ## - Страна на издаване
Страна на създаване/издаване Съединени американски щати
260 ## - Област на издателските данни
-- София
Име на издателя, разпространителя и проч. Сиела Софт енд Паблишинг
Година на издаване 2005
300 ## - Физическа характеристика
Страници 287 с.
Размери/Мащаб 21 см
380 ## - Жанр
Жанр Обществени науки
500 ## - Общи забележки
Забележка Без сведение за ориг. загл.
650 #4 - Допълнително описание по предмет – тема
Основно описание – тема или топоним Международни отношения - Европа
9 (RLIN) 272782
650 #4 - Допълнително описание по предмет – тема
Основно описание – тема или топоним Европейски съюз
9 (RLIN) 258188
650 #4 - Допълнително описание по предмет – тема
Основно описание – тема или топоним Европейска общност
9 (RLIN) 178862
653 ## - Ключова дума – ненормативна
Ключова дума Европа
653 ## - Ключова дума – ненормативна
Ключова дума икономическо поведение
653 ## - Ключова дума – ненормативна
Ключова дума международни икономически отношения
659 ## - Тематичен бюлетин
Тематичен бюлетин Е
700 1# - Други автори (авторска отговорност)
Лично име Маринкева, Елисавета
Автороска отговорност (Описва отношението между автора и произведението) прев. от англ.
9 (RLIN) 265950
700 1# - Други автори (авторска отговорност)
Лично име Иванов, Георги
Автороска отговорност (Описва отношението между автора и произведението) прев. от англ.
9 (RLIN) 365594
852 ## - Местоположение
Форматна сигнатура Цб 224566
856 4# - Електронен адрес и достъп
Електронен формат pdf - файл
Път до файла /url/
856 4# - Електронен адрес и достъп
Електронен формат pdf - файл
Път до файла /url/
942 ## - АРТИКУЛИ
Вид на библиотечния материал Книги
Скрит в OPAC Не
944 ## - СЪЗДАВАНЕ И РЕДАКЦИЯ на ЗАПИСА
Създаване/Редакция Създаване
Дата на регистрацията/редакция 08.09.2005
Служител, извършил регистрацията/редакцията Наталия_Медовщикова
944 ## - СЪЗДАВАНЕ И РЕДАКЦИЯ на ЗАПИСА
Създаване/Редакция Редакция
Дата на регистрацията/редакция 06.02.2013
Служител, извършил регистрацията/редакцията
999 ## - СИСТЕМНИ КОНТРОЛНИ НОМЕРА
Koha biblionumber 51291
Koha biblioitemnumber 51291
Наличности
Код за отписване Код за изгубен артикул Код за повреда Коз за рестрикции Код за отдаване Артикулен № Име на библиотеката - собственик Име на библиотеката, в която се намира в момента Статус (Текущо местоположение) Дата на вписване в системата Местоположение - отдел Цена в лева Инвентарен номер Систематично азбучна сигнатура Баркод Номер на екземпляра Цена в евро Служебна бележка Служебен тип на артикула
Изтеглен Не е изгубен Не е повреден без рестрикции заемане за дома 80944 Регионална библиотека "Любен Каравелов" Русе Регионална библиотека "Любен Каравелов" Русе Заемна - подръчен фонд 2005-09-08 Заемна - подръчен фонд 12.00 120000696506 П 327.7/Р 60 120000696506 1 6.14 Дост: Pk Вид: Ф N: 8908 Дата: 01.09.2005 Дата инв: 02.02.2018 Бележки инв: П2018 Книги
  Не е изгубен Не е повреден без рестрикции ползва се в читалня 80945 Регионална библиотека "Любен Каравелов" Русе Регионална библиотека "Любен Каравелов" Русе Хранилище 2006-08-23 Хранилище 12.00 120000704949 Цб 224566 120000704949 2 6.14 Дост: Dp Вид: Д N: 38 Дата: 07.09.2005 Книги
Vip Innovations Ltd, Rousse, Bulgaria 2025